Teaching secondary physics. --2nd ed. (Record no. 80945)
[ view plain ]
| 000 -LEADER | |
|---|---|
| fixed length control field | 01017nam a2200217 a 4500 |
| 008 - FIXED-LENGTH DATA ELEMENTS--GENERAL INFORMATION | |
| fixed length control field | 101022s2000 ||||||||||||||||| || u |
| 020 ## - INTERNATIONAL STANDARD BOOK NUMBER | |
| International Standard Book Number | 9780719576362 |
| 020 ## - INTERNATIONAL STANDARD BOOK NUMBER | |
| International Standard Book Number | 9781444124309 |
| 050 ## - LIBRARY OF CONGRESS CALL NUMBER | |
| Classification number | QC 530 Tea |
| 100 ## - MAIN ENTRY--PERSONAL NAME | |
| Personal name | Sang, David |
| 245 10 - TITLE STATEMENT | |
| Title | Teaching secondary physics. --2nd ed. |
| Statement of responsibility, etc. | edited by David Sang |
| 250 ## - EDITION STATEMENT | |
| Edition statement | 2nd ed. |
| 260 ## - PUBLICATION, DISTRIBUTION, ETC. | |
| Place of publication, distribution, etc. | London: |
| Name of publisher, distributor, etc. | Hodder Education |
| Date of publication, distribution, etc. | 2000 |
| 300 ## - PHYSICAL DESCRIPTION | |
| Extent | xii, 260p.: ill. |
| 350 ## - | |
| -- | 0.00 |
| 650 #0 - SUBJECT ADDED ENTRY--TOPICAL TERM | |
| Topical term or geographic name entry element | PHYSICS |
| 650 ## - SUBJECT ADDED ENTRY--TOPICAL TERM | |
| Topical term or geographic name entry element | PHYSICS--STUDY AND TEACHING (HIGHER) |
| 995 ## - | |
| -- | MAIN LIBRARY OPEN ACCESS |
| -- | 0.00 |
| -- | 742769 |
| -- | CBU-MAIN LIBRARY (Kitwe) |
| -- | 1 |
| -- | 0.00 |
| -- | QC 530 TEA |
| -- | 2 |
| -- | AVAILABLE |
| -- | Mar 21, 2012 |
| -- | 742769 |
| -- | Main Library Open Access Collection |
| 995 ## - | |
| -- | MAIN LIBRARY OPEN ACCESS |
| -- | 744456 |
| -- | CBU-MAIN LIBRARY (Kitwe) |
| -- | 0.00 |
| -- | QC 530 Tea |
| -- | 3 |
| -- | AVAILABLE |
| -- | Sep 13, 2013 |
| -- | 744456 |
| -- | Main Library Open Access Collection |
| 995 ## - | |
| -- | MAIN LIBRARY OPEN ACCESS |
| -- | 0.00 |
| -- | 741965 |
| -- | CBU-MAIN LIBRARY (Kitwe) |
| -- | 1 |
| -- | 0.00 |
| -- | QC 530 TEA |
| -- | 1 |
| -- | AVAILABLE |
| -- | Jan 5, 2011 |
| -- | 741965 |
| -- | Main Library Open Access Collection |
| 999 ## - | |
| -- | 80945 |
| -- | 80945 |
| Withdrawn status | Lost status | Source of classification or shelving scheme | Damaged status | Not for loan | Permanent Location | Current Location | Shelving location | Date acquired | Total Checkouts | Full call number | Barcode | Date last seen | Date last checked out | Copy number | Price effective from | Koha item type |
|---|---|---|---|---|---|---|---|---|---|---|---|---|---|---|---|---|
| CBU-MAIN LIBRARY, KITWE. | CBU-MAIN LIBRARY, KITWE. | 07/11/2023 | 1 | QC 530 Tea | 742769 | 05/18/2026 | 05/09/2026 | 1 | 07/11/2023 | MONOGRAPH | ||||||
| CBU-MAIN LIBRARY, KITWE. | CBU-MAIN LIBRARY, KITWE. | 07/11/2023 | QC 530 Tea | 744456 | 07/11/2023 | 2 | 07/11/2023 | MONOGRAPH | ||||||||
| CBU-MAIN LIBRARY, KITWE. | CBU-MAIN LIBRARY, KITWE. | 07/11/2023 | QC 530 Tea | 741965 | 07/11/2023 | 3 | 07/11/2023 | MONOGRAPH |